[Event "23rd Pirc Memorial Juniors 202"]
[Site "Maribor"]
[Date "2020.08.16"]
[Round "9.1"]
[White "Lavrencic, Matic"]
[Black "Drevensek, Gasper"]
[Result "1-0"]
[WhiteElo "1902"]
[BlackElo "1446"]
[Annotator "ChessBase"]
[PlyCount "129"]
[EventDate "2020.08.12"]
[EventType "tourn"]
[EventCountry "SLO"]
[SourceTitle "playchess.com"]
[Source "ChessBase"]
[SourceQuality "1"]
[TimeControl "3600+30"]

1. e4 {[%emt 0:00:00]} c5 {[%emt 0:00:00]} 2. Nf3 {[%emt 0:00:00]} d6 {[%emt 0:00:00]} 3. Bb5+ {[%emt 0:00:00]} Nd7 {[%emt 0:00:17]} 4. O-O {[%emt 0:00:00]} a6 {[%emt 0:00:56]} 5. Bd3 {[%emt 0:00:00]} Ngf6 {[%emt 0:00:44]} 6. c3 {[%emt 0:00:06]} e6 {[%emt 0:00:11]} 7. Bc2 {[%emt 0:00:08]} b5 {[%emt 0:00:05]} 8. d4 {[%emt 0:00:04]} Bb7 {[%emt 0:00:07]} 9. Nbd2 {[%emt 0:00:28]} Be7 {[%emt 0:01:13]} 10. a4 {[%emt 0:00:34]} O-O {[%emt 0:01:08]} 11. Qe2 {[%emt 0:00:13]} Qb6 {[%emt 0:04:08]} 12. Bd3 {[%emt 0:00:54]} c4 {[%emt 0:01:21]} 13. Bc2 {[%emt 0:00:16]} Rac8 {[%emt 0:05:19]} 14. Re1 {[%emt 0:00:59]} Rfe8 {[%emt 0:03:35]} 15. Nf1 {[%emt 0:00:31]} e5 {[%emt 0:02:01]} 16. d5 {[%emt 0:00:24]} Nc5 {[%emt 0:00:51]} 17. Ng3 {[%emt 0:02:27]} Bf8 {[%emt 0:02:51]} 18. Bg5 {[%emt 0:01:08]} Nfd7 {[%emt 0:01:53]} 19. h3 {[%emt 0:05:22]} bxa4 {[%emt 0:02:25]} 20. Bxa4 {[%emt 0:00:12]} Nxa4 {[%emt 0:00:15]} 21. Rxa4 {[%emt 0:00:07]} f6 {[%emt 0:02:38]} 22. Be3 {[%emt 0:01:03]} Qc7 {[%emt 0:00:51]} 23. Nd2 {[%emt 0:00:49]} Nc5 {[%emt 0:05:27]} 24. Rxc4 {[%emt 0:00:49]} a5 {[%emt 0:01:19]} 25. b4 {[%emt 0:01:10]} Ba6 {[%emt 0:01:08]} 26. bxc5 {[%emt 0:02:55]} Bxc4 {[%emt 0:00:19]} 27. Qxc4 {[%emt 0:00:09]} dxc5 {[%emt 0:00:21]} 28. d6+ {[%emt 0:00:09]} Qf7 {[%emt 0:01:35]} 29. Qxf7+ {[%emt 0:00:06]} Kxf7 {[%emt 0:00:05]} 30. d7 {[%emt 0:00:01]} Rcd8 {[%emt 0:00:30]} 31. dxe8=Q+ {[%emt 0:00:11]} Kxe8 {[%emt 0:00:10]} 32. Nc4 {[%emt 0:00:06]} Rd3 {[%emt 0:00:23]} 33. Nxa5 {[%emt 0:00:11]} Rxc3 {[%emt 0:00:05]} 34. Rc1 {[%emt 0:00:12]} Ra3 {[%emt 0:01:29]} 35. Nb7 {[%emt 0:00:08]} Ra7 {[%emt 0:02:28]} 36. Nxc5 {[%emt 0:00:10]} Kf7 {[%emt 0:02:24]} 37. Ne6 {[%emt 0:00:20]} Ra2 {[%emt 0:00:19]} 38. Nxf8 {[%emt 0:00:06]} Kxf8 {[%emt 0:00:08]} 39. Rc8+ {[%emt 0:00:10]} Kf7 {[%emt 0:00:09]} 40. Rc7+ {[%emt 0:00:04]} Kg6 {[%emt 0:00:11]} 41. h4 {[%emt 0:00:18]} h5 {[%emt 0:00:30]} 42. Nf5 {[%emt 0:00:14]} Ra1+ {[%emt 0:00:44]} 43. Kh2 {[%emt 0:00:08]} Kh7 {[%emt 0:01:34]} 44. Rxg7+ {[%emt 0:00:10]} Kh8 {[%emt 0:00:09]} 45. Re7 {[%emt 0:00:11]} Kg8 {[%emt 0:00:20]} 46. Nh6+ {[%emt 0:01:08]} Kh8 {[%emt 0:00:32]} 47. Nf5 {[%emt 0:00:15]} Kg8 {[%emt 0:00:12]} 48. Rg7+ {[%emt 0:00:05]} Kh8 {[%emt 0:00:17]} 49. Rg6 {[%emt 0:00:01]} Kh7 {[%emt 0:00:31]} 50. Rxf6 {[%emt 0:00:07]} Kg8 {[%emt 0:00:11]} 51. Rh6 {[%emt 0:00:04]} Kf7 {[%emt 0:00:26]} 52. Rxh5 {[%emt 0:00:06]} Kg6 {[%emt 0:00:08]} 53. Rg5+ {[%emt 0:00:06]} Kh7 {[%emt 0:00:10]} 54. h5 {[%emt 0:00:17]} Kh8 {[%emt 0:00:10]} 55. Kg3 {[%emt 0:00:07]} Ra3 {[%emt 0:00:17]} 56. Ne7 {[%emt 0:00:31]} Kh7 {[%emt 0:00:15]} 57. Kg4 {[%emt 0:00:13]} Ra4 {[%emt 0:00:16]} 58. Rxe5 {[%emt 0:00:10]} Kg7 {[%emt 0:00:10]} 59. Nf5+ {[%emt 0:00:15]} Kf6 {[%emt 0:00:31]} 60. f4 {[%emt 0:00:09]} Kf7 {[%emt 0:00:12]} 61. h6 {[%emt 0:00:07]} Kg6 {[%emt 0:00:32]} 62. Re6+ {[%emt 0:00:07]} Kf7 {[%emt 0:00:32]} 63. Re7+ {[%emt 0:00:01]} Kg8 {[%emt 0:00:42]} 64. Kg5 {[%emt 0:00:23]} Ra6 {[%emt 0:00:09]} 65. h7+ {[%emt 0:00:11]} 1-0

[Event "23rd Pirc Memorial Juniors 202"]
[Site "Maribor"]
[Date "2020.08.16"]
[Round "9.2"]
[White "Javornik, Nik"]
[Black "Javornik, Lina"]
[Result "1-0"]
[WhiteElo "1786"]
[BlackElo "1330"]
[Annotator "NA RC"]
[PlyCount "30"]
[EventDate "2020.08.12"]
[EventType "tourn"]
[EventCountry "SLO"]
[SourceTitle "playchess.com"]
[Source "ChessBase"]
[SourceQuality "1"]
[TimeControl "3600+30"]

1. e4 {[%emt 0:00:00]} e5 {[%emt 0:00:00]} 2. Nf3 {[%emt 0:00:00]} Nc6 {[%emt 0:00:00]} 3. Bb5 {[%emt 0:00:00]} a6 {[%emt 0:00:00]} 4. Ba4 {[%emt 0:00:00]} Bc5 {[%emt 0:00:00]} 5. O-O {[%emt 0:00:00]} Nf6 {[%emt 0:00:58]} 6. Nxe5 {[%emt 0:00:05]} Nxe5 {[%emt 0:00:14]} 7. d4 {[%emt 0:00:05]} Bd6 {[%emt 0:00:13]} 8. f4 {[%emt 0:00:11]} Neg4 {[%emt 0:00:35]} 9. e5 {[%emt 0:00:14]} Bxe5 {[%emt 0:00:32]} 10. fxe5 {[%emt 0:00:15]} c6 {[%emt 0:00:22]} 11. exf6 {[%emt 0:00:13]} Nxf6 {[%emt 0:00:09]} 12. Bg5 {[%emt 0:00:28]} Qb6 {[%emt 0:00:31]} 13. Bxf6 {[%emt 0:00:24]} gxf6 {[%emt 0:00:11]} 14. Bb3 {[%emt 0:00:32]} Rg8 {[%emt 0:00:20]} 15. Rxf6 {[%emt 0:00:29]} d5 {[%emt 0:00:34]} 1-0

[Event "23rd Pirc Memorial Juniors 202"]
[Site "Maribor"]
[Date "2020.08.16"]
[Round "9.3"]
[White "Kozlovic, Jernej"]
[Black "Centrih, Aleks"]
[Result "1-0"]
[WhiteElo "1445"]
[BlackElo "1746"]
[Annotator "NA"]
[PlyCount "81"]
[EventDate "2020.08.12"]
[EventType "tourn"]
[EventCountry "SLO"]
[SourceTitle "playchess.com"]
[Source "ChessBase"]
[SourceQuality "1"]
[TimeControl "3600+30"]

1. e4 {[%emt 0:00:00]} e5 {[%emt 0:00:00]} 2. Nf3 {[%emt 0:00:00]} Nc6 {[%emt 0:00:00]} 3. Bb5 {[%emt 0:00:00]} a6 {[%emt 0:00:00]} 4. Ba4 {[%emt 0:00:00]} Nf6 {[%emt 0:00:00]} 5. O-O {[%emt 0:00:00]} b5 {[%emt 0:00:00]} 6. Bb3 {[%emt 0:00:00]} Bb7 {[%emt 0:00:02]} 7. Re1 {[%emt 0:01:48]} Bc5 {[%emt 0:00:15]} 8. c3 {[%emt 0:00:02]} d6 {[%emt 0:00:10]} 9. d4 {[%emt 0:00:11]} Bb6 {[%emt 0:00:04]} 10. Bc2 {[%emt 0:01:08]} O-O {[%emt 0:01:00]} 11. Bg5 {[%emt 0:08:05]} h6 {[%emt 0:00:07]} 12. Bh4 {[%emt 0:00:38]} g5 {[%emt 0:00:55]} 13. dxe5 {[%emt 0:07:05]} Nxe5 {[%emt 0:00:41]} 14. Bg3 {[%emt 0:07:33]} Qe7 {[%emt 0:06:03]} 15. Nxe5 {[%emt 0:02:05]} dxe5 {[%emt 0:00:07]} 16. Nd2 {[%emt 0:04:38]} Rad8 {[%emt 0:02:21]} 17. Qe2 {[%emt 0:00:19]} Bc8 {[%emt 0:01:01]} 18. Nf3 {[%emt 0:05:53]} Nd7 {[%emt 0:10:30]} 19. Rad1 {[%emt 0:02:05]} f6 {[%emt 0:02:18]} 20. h3 {[%emt 0:03:39]} Nc5 {[%emt 0:01:18]} 21. Nh2 {[%emt 0:01:07]} Ne6 {[%emt 0:03:29]} 22. Bb3 {[%emt 0:02:27]} Kh7 {[%emt 0:01:35]} 23. Bxe6 {[%emt 0:01:58]} Bxe6 {[%emt 0:00:36]} 24. Ng4 {[%emt 0:00:44]} Bxa2 {[%emt 0:07:57]} 25. Ne3 {[%emt 0:02:06]} Be6 {[%emt 0:09:57]} 26. Ra1 {[%emt 0:01:51]} Ra8 {[%emt 0:09:23]} 27. Red1 {[%emt 0:00:59]} c6 {[%emt 0:00:07]} 28. Qf3 {[%emt 0:05:15]} a5 {[%emt 0:04:30]} 29. Nf5 {[%emt 0:00:34]} Qf7 {[%emt 0:02:16]} 30. Rd6 {[%emt 0:01:10]} Rac8 {[%emt 0:01:40]} 31. Rad1 {[%emt 0:05:48]} Rfd8 {[%emt 0:00:57]} 32. Qg4 {[%emt 0:02:12]} h5 {[%emt 0:03:15]} 33. Qf3 {[%emt 0:00:21]} Kg6 {[%emt 0:00:16]} 34. Bh2 {[%emt 0:01:47]} Bb3 {[%emt 0:02:13]} 35. R1d3 {[%emt 0:02:13]} Qf8 {[%emt 0:01:28]} 36. Bxe5 {[%emt 0:00:38]} Rxd6 {[%emt 0:00:25]} 37. Rxd6 {[%emt 0:00:00]} Bd8 {[%emt 0:00:22]} 38. Ng3 {[%emt 0:00:00]} Bf7 {[%emt 0:01:11]} 39. Bxf6 {[%emt 0:00:55]} Qxd6 {[%emt 0:00:14]} 40. Qf5+ {[%emt 0:00:03]} Kh6 {[%emt 0:00:29]} 41. Qxg5+ {[%emt 0:00:02]} 1-0

[Event "23rd Pirc Memorial Juniors 202"]
[Site "Maribor"]
[Date "2020.08.16"]
[Round "9.4"]
[White "Kodric, Gasper"]
[Black "Guid, Taja"]
[Result "1/2-1/2"]
[WhiteElo "1624"]
[BlackElo "1705"]
[Annotator "NA"]
[PlyCount "69"]
[EventDate "2020.08.12"]
[EventType "tourn"]
[EventCountry "SLO"]
[SourceTitle "playchess.com"]
[Source "ChessBase"]
[SourceQuality "1"]
[TimeControl "3600+30"]

1. c4 {[%emt 0:00:00]} e6 {[%emt 0:00:00]} 2. g3 {[%emt 0:00:09]} d5 {[%emt 0:00:00]} 3. Bg2 {[%emt 0:00:07]} Nf6 {[%emt 0:00:00]} 4. Nf3 {[%emt 0:00:05]} Bd6 {[%emt 0:02:00]} 5. O-O {[%emt 0:00:27]} O-O {[%emt 0:00:24]} 6. b3 {[%emt 0:01:21]} b6 {[%emt 0:03:30]} 7. Bb2 {[%emt 0:02:05]} Bb7 {[%emt 0:00:17]} 8. Nc3 {[%emt 0:01:27]} Nbd7 {[%emt 0:02:41]} 9. e3 {[%emt 0:01:27]} a6 {[%emt 0:03:18]} 10. Qe2 {[%emt 0:01:45]} c5 {[%emt 0:01:09]} 11. cxd5 {[%emt 0:00:36]} exd5 {[%emt 0:00:50]} 12. d4 {[%emt 0:00:07]} Re8 {[%emt 0:01:15]} 13. Rac1 {[%emt 0:01:17]} Rc8 {[%emt 0:01:04]} 14. Rfd1 {[%emt 0:01:37]} Qe7 {[%emt 0:02:01]} 15. a4 {[%emt 0:13:46]} c4 {[%emt 0:13:49]} 16. bxc4 {[%emt 0:02:47]} dxc4 {[%emt 0:00:05]} 17. Nd2 {[%emt 0:07:46]} Bxg2 {[%emt 0:00:27]} 18. Kxg2 {[%emt 0:00:06]} Qe6 {[%emt 0:01:00]} 19. e4 {[%emt 0:05:33]} Bb4 {[%emt 0:01:01]} 20. d5 {[%emt 0:02:21]} Qe7 {[%emt 0:13:33]} 21. Nxc4 {[%emt 0:09:33]} Nxe4 {[%emt 0:00:55]} 22. Qxe4 {[%emt 0:02:18]} Qxe4+ {[%emt 0:00:25]} 23. Nxe4 {[%emt 0:00:06]} Rxe4 {[%emt 0:00:06]} 24. Ne3 {[%emt 0:04:28]} Ree8 {[%emt 0:00:51]} 25. Nf5 {[%emt 0:02:32]} f6 {[%emt 0:01:39]} 26. Nd4 {[%emt 0:03:01]} Ne5 {[%emt 0:03:58]} 27. Nc6 {[%emt 0:01:25]} Nxc6 {[%emt 0:03:08]} 28. dxc6 {[%emt 0:00:16]} Bc5 {[%emt 0:02:43]} 29. a5 {[%emt 0:00:46]} Rxc6 {[%emt 0:00:47]} 30. axb6 {[%emt 0:00:10]} Rxb6 {[%emt 0:01:08]} 31. Rxc5 {[%emt 0:02:10]} Rxb2 {[%emt 0:00:05]} 32. Rd7 {[%emt 0:00:56]} Kh8 {[%emt 0:02:12]} 33. Rcc7 {[%emt 0:00:33]} Rg8 {[%emt 0:00:10]} 34. h4 {[%emt 0:00:55]} h6 {[%emt 0:00:49]} 35. Ra7 {[%emt 0:01:38]} 1/2-1/2

[Event "23rd Pirc Memorial Juniors 202"]
[Site "Maribor"]
[Date "2020.08.16"]
[Round "9.5"]
[White "Heric, Meta"]
[Black "Drevensek, Doroteja"]
[Result "1/2-1/2"]
[WhiteElo "1287"]
[BlackElo "1381"]
[Annotator "NA"]
[PlyCount "65"]
[EventDate "2020.08.12"]
[EventType "tourn"]
[EventCountry "SLO"]
[SourceTitle "playchess.com"]
[Source "ChessBase"]
[SourceQuality "1"]
[TimeControl "3600+30"]

1. e4 {[%emt 0:00:00]} e5 {[%emt 0:00:00]} 2. Nf3 {[%emt 0:00:00]} Nc6 {[%emt 0:00:00]} 3. Nc3 {[%emt 0:00:00]} Nf6 {[%emt 0:00:00]} 4. Bb5 {[%emt 0:00:13]} Bd6 {[%emt 0:00:04]} 5. d4 {[%emt 0:12:07]} exd4 {[%emt 0:08:23]} 6. Nxd4 {[%emt 0:00:31]} Nxd4 {[%emt 0:01:01]} 7. Qxd4 {[%emt 0:00:23]} Qe7 {[%emt 0:00:49]} 8. Bg5 {[%emt 0:20:06]} Be5 {[%emt 0:02:36]} 9. Bxf6 {[%emt 0:13:41]} Bxf6 {[%emt 0:01:45]} 10. Qe3 {[%emt 0:01:31]} c6 {[%emt 0:11:31]} 11. Be2 {[%emt 0:06:01]} O-O {[%emt 0:07:27]} 12. O-O {[%emt 0:00:54]} Re8 {[%emt 0:02:36]} 13. Bf3 {[%emt 0:02:53]} Qb4 {[%emt 0:04:40]} 14. Rab1 {[%emt 0:01:26]} d5 {[%emt 0:02:17]} 15. a3 {[%emt 0:01:53]} Qf8 {[%emt 0:08:36]} 16. Qd3 {[%emt 0:01:36]} d4 {[%emt 0:08:08]} 17. Ne2 {[%emt 0:00:30]} Qc5 {[%emt 0:02:35]} 18. b4 {[%emt 0:00:40]} Qb6 {[%emt 0:00:44]} 19. Ng3 {[%emt 0:00:50]} Be6 {[%emt 0:01:30]} 20. Nh5 {[%emt 0:01:00]} Qd8 {[%emt 0:01:20]} 21. Nxf6+ {[%emt 0:00:04]} Qxf6 {[%emt 0:00:04]} 22. Rfd1 {[%emt 0:00:36]} Rad8 {[%emt 0:01:11]} 23. Qe2 {[%emt 0:00:27]} b6 {[%emt 0:02:11]} 24. e5 {[%emt 0:00:17]} Qg5 {[%emt 0:01:14]} 25. Bxc6 {[%emt 0:00:29]} Bg4 {[%emt 0:00:29]} 26. Qd3 {[%emt 0:01:49]} Bxd1 {[%emt 0:00:47]} 27. Bxe8 {[%emt 0:00:04]} Rxe8 {[%emt 0:00:44]} 28. Rxd1 {[%emt 0:00:02]} Qxe5 {[%emt 0:00:04]} 29. Qd2 {[%emt 0:00:46]} h6 {[%emt 0:00:48]} 30. h3 {[%emt 0:00:15]} Qe2 {[%emt 0:00:45]} 31. Qxe2 {[%emt 0:00:12]} Rxe2 {[%emt 0:00:02]} 32. Rxd4 {[%emt 0:00:19]} Rxc2 {[%emt 0:00:02]} 33. Rd7 {[%emt 0:00:24]} 1/2-1/2